Team Fortress 2 Mann vs. Machine Maps - Statistics

General Stats
  • This quiz has been taken 6 times
  • The average score is 4 of 7
Answer Stats
Picture Answer % Correct
Coal Town
83%
Mannhattan
83%
Mannworks
67%
Rottenburg
67%
Bigrock
50%
Decoy
33%
Ghost Town
33%
No matching quizzes found
Score Distribution
Percent of People with Each Score
Percentile by Number Answered
Your Score History
You have not taken this quiz